000
00283nam a22001217a 4500
005
20170915173605.0
008
170915b xxu||||| |||| 00| 0 eng d
022
_a
0253-7338
245
_a
Acta Ciencia Indica
260
_a
UP
_b
Pragati Publishers
_c
2017
300
_a
104
942
_c
JRL
999
_c
5560
_d
5558